Sacrifice and Cosmos : (Record no. 604642)

MARC details
000 -LEADER
fixed length control field 00483nam a2200193 a 4500
008 - FIXED-LENGTH DATA ELEMENTS--GENERAL INFORMATION
fixed length control field 251224s2009##################000#0#eng##
020 ## - INTERNATIONAL STANDARD BOOK NUMBER
ISBN 9788186921487
082 04 - DEWEY DECIMAL CLASSIFICATION NUMBER
Classification number 261.245
Item number PRA
100 1# - MAIN ENTRY--AUTHOR NAME
Personal name Praseed, George,
245 10 - TITLE STATEMENT
Title Sacrifice and Cosmos :
260 ## - PUBLICATION, DISTRIBUTION, ETC. (IMPRINT)
Year of publication 2009.
300 ## - PHYSICAL DESCRIPTION
Number of Pages 413 pages
650 #0 - SUBJECT ADDED ENTRY--TOPICAL TERM
Topical Term Biblical cosmology.
942 ## - ADDED ENTRY ELEMENTS (KOHA)
Koha item type English Books
Holdings
Withdrawn status Lost status Damaged status Not for loan Home library Current library Shelving location Date acquired Full call number Accession Number Price effective from Koha item type
        Anna Centenary Library Anna Centenary Library 3RD FLOOR, B WING 26.12.2025 261.245 PRA 494892 26.12.2025 English Books

Find us on the map